La ciudad de los poetas (Record no. 44301)
[ view plain ]
| 000 -LEADER | |
|---|---|
| campo de control de longitud fija | 00999nam a2200277 i 4500 |
| 001 - NÚMERO DE CONTROL | |
| campo de control | 44301 |
| 003 - IDENTIFICADOR DE NÚMERO DE CONTROL | |
| campo de control | ES-MaACL |
| 005 - FECHA Y HORA DE LA ÚLTIMA TRANSACCIÓN | |
| campo de control | 20240424173555.0 |
| 007 - CAMPO FIJO DE DESCRIPCIÓN FÍSICA--INFORMACIÓN GENERAL | |
| campo de control de longitud fija | t| |
| 008 - DATOS DE LONGITUD FIJA--INFORMACIÓN GENERAL | |
| campo de control de longitud fija | 030321s1965 sp ||||1| spa d |
| 245 03 - MENCIÓN DEL TÍTULO | |
| Título | La ciudad de los poetas |
| Resto del título | : antología : Antonio Coll Vidal, Samuel Lugo, Odulio Bauza, Luis Hernández Aquino, Gaspar Gerena Brás, Francisco Matos Paoli, Guillermo Bauza. |
| 260 ## - PUBLICACIÓN, DISTRIBUCIÓN, ETC. | |
| Lugar de publicación, distribución, etc. | [Palencia] : |
| Nombre del editor, distribuidor, etc. | Rocamador, |
| Fecha de publicación, distribución, etc. | [1965] |
| 300 ## - DESCRIPCIÓN FÍSICA | |
| Extensión | 142 p., 1 lám. ; |
| Dimensiones | 22 cm. |
| 505 8# - NOTA DE CONTENIDO CON FORMATO | |
| Nota de contenido con formato | Contiene: El grito de Lares / por Bolivar Pagan |
| 700 1# - ENTRADA AGREGADA--NOMBRE PERSONAL | |
| Nombre de persona | Coll Vidal, Antonio. |
| 9 (RLIN) | 39632 |
| 700 1# - ENTRADA AGREGADA--NOMBRE PERSONAL | |
| Nombre de persona | Lugo, Samuel. |
| 9 (RLIN) | 74658 |
| 700 1# - ENTRADA AGREGADA--NOMBRE PERSONAL | |
| Nombre de persona | Bauza, Obdulio. |
| 9 (RLIN) | 26631 |
| 700 1# - ENTRADA AGREGADA--NOMBRE PERSONAL | |
| Nombre de persona | Hernández Aquino, Luis. |
| 9 (RLIN) | 62883 |
| 700 1# - ENTRADA AGREGADA--NOMBRE PERSONAL | |
| Nombre de persona | Gerena Bras, Gaspar. |
| 9 (RLIN) | 56436 |
| 700 0# - ENTRADA AGREGADA--NOMBRE PERSONAL | |
| Nombre de persona | Matos Paoli, Francisco, |
| Fechas asociadas al nombre | 1915-2000 |
| 9 (RLIN) | 79096 |
| 700 1# - ENTRADA AGREGADA--NOMBRE PERSONAL | |
| Nombre de persona | Bauzá, Guillermo. |
| 9 (RLIN) | 26628 |
| 700 0# - ENTRADA AGREGADA--NOMBRE PERSONAL | |
| Nombre de persona | Pagán, Bolívar. |
| 9 (RLIN) | 88247 |
| 740 3# - ENTRADA AGREGADA--TÍTULO RELACIONADO/ANALÍTICO NO CONTROLADO | |
| Título relacionado o analítico no controlado | El grito de Lares. |
| 852 ## - LOCALIZACIÓN | |
| Ubicación | ES-MaACL |
| Número de control de estantería | G-771 |
| Sublocalización o colección | R.58450 |
| Estatus retirado | Estado de pérdida | Estado de daño | No para préstamo | Biblioteca de origen | Biblioteca actual | Ubicación en estantería | Fecha de adquisición | Fuente de adquisición | Total de préstamos | Signatura topográfica completa | Código de barras | Visto por última vez | Precio de reemplazo | Tipo de ítem Koha |
|---|---|---|---|---|---|---|---|---|---|---|---|---|---|---|
| Biblioteca del Ateneo de Madrid | Biblioteca del Ateneo de Madrid | Depósito 2 | 17/01/2008 | G-771 | 1046622 | 23/02/2023 | 23/02/2023 | Libro impreso |
